Statystyki dla 10 największych miast w Libanie

Kliknij tutaj aby rozwiązać quiz!

Ogólne statystyki

  • Ten quiz został rozwiązany 20 razy
  • Średni wynik to 3 z 10

Statystyki odpowiedzi

Liczba mieszkańcówNazwa miasta% Poprawnych
1 251 739Bejrut
93%
135 204Tyr
40%
229 398Trypolis
27%
30 916Baalbek
20%
96 315Dżunija
20%
163 554Sydon
20%
98 433An-Nabatijja
13%
77 106Babda
13%
32 917Zagharta
13%
78 145Zahla
13%

Rozkład punktacji

Percentyl według liczby udzielonych odpowiedzi

Procent ludzi z każdym wynikiem

Twoja historia wyników

Nie rozwiązałeś tego quizu